000 00680nam a2200205 a 4500
001 BRCA_877
005 20190320203205.0
008 921215s1992 mx-a---##b---s000-0#spa-d
040 _aDLC
_cDLC
050 4 _aNK7114
_b.O48 1992
100 1 _aOlvera H., Jorge
_d1915-
_92924
245 1 0 _aLa plata colonial de Chiapas
_cJorge Olvera H.
260 _a[Chiapas, México]
_bUniversidad Autónoma de Chiapas
_c1992
300 _a71 p.
_bil.
_c21 cm.
500 _aIncluye índice de ilustraciones
504 _aBibliografía: p. 26-27
650 1 4 _aPlata colonial de la iglesia
_xCatálogos
_zMéxico
_92925
650 1 4 _aPlatería religiosa
_xCatálogos
_zGuatemala
_92926
942 _2lcc
_cB
999 _c772
_d772